000 00795 a2200241 4500
005 20180312141950.0
008 131101s2000 sp a br|||| 00| 0 spa d
020 _a8434870568
040 _aCO-BoUCM
_bspa
_cJose A. Gerena
_dDiana Londoño
041 0 0 _aspa
100 0 _aElzbieta
_946952
245 1 0 _aBibi
_cElzbieta ; traducción de P. Rozarena
260 _c2000
_bSM
_aMadrid (España)
300 _a31 páginas
_bilustraciones a color
490 _aEl barco de vapor
_aLos pirtatas
_v49
650 7 _937305
_aCuentos ilustrados para niños
650 7 _aLiteratura polaca
_918726
690 _942863
_aLiteratura europea
700 1 _aRozarena, P.
_etraductor
_949660
765 _tBibi
942 _a18
_cLIBRO
_e1
_mE529b
_2DEWEY
_h891.857
_n0
999 _c183308
_d183308